000 00423nam a2200181Ia 4500
001 32728
003 IN-NITTTR
005 20251114233435.0
008 251113s9999||||xx |||||||||||||| ||eng||
040 _beng
040 _cIN-NITTTR
041 _aeng
082 _aTK5105.59
100 _aZhang, Peng
245 0 _aSecurity in Network Coding /
_cZhang, Peng, Lin, Chuang
700 _a Lin, Chuang
942 _2ddc
_cBK
999 _c35514
_d35514